Ships of the Kaiserliche Marine - Statistics

General Stats
  • This quiz has been taken 23 times
  • The average score is 8 of 16
Answer Stats
Picture Answer % Correct
Kaiser
90%
Nassau
80%
Bayern
70%
König
70%
Moltke
70%
Helgoland
65%
Derfflinger
60%
Deutschland
55%
Von der Tann
55%
Seydlitz
50%
Brandenburg
35%
Kaiser Barbarossa
25%
L 20e a
20%
Roon
20%
Preussen
15%
Wittlesbach
10%
No matching quizzes found
Score Distribution
Percent of People with Each Score
Percentile by Number Answered
Your Score History
You have not taken this quiz